تفاصيل مارك
| 000 -الفاتح |
| حقل البيانات ثابتة الطول |
04164cam a22004214a 4500 |
| 001 - رقم الضبط |
| رقم الضبط |
16526326 |
| 003 - محدد رقم الضبط |
| رقم الضبط |
OSt |
| 005 - وقت وتاريخ اخر تعامل مع التسجيلة |
| رقم الضبط |
20150408114109.0 |
| 008 - عناصر البيانات ثابتة الطول - معلومات عامة |
| حقل البيانات ثابتة الطول |
101101s2011 enka b 001 0 eng |
| 010 ## - رقم ضبط مكتبة الكونجرس |
| رقم ضبط مكتبة الكونجرس |
2010045993 |
| 016 7# - رقم ضبط الوكاله الوطنية للضبط الببليوجرافي |
| رقم ضبط التسجيلة |
015766985 |
| المصدر |
Uk |
| 020 ## - الرقم الدولى المعيارى للكتب |
| الرقم الدولى المعيارى للكتاب |
9780521853835 (hardback) |
| 020 ## - الرقم الدولى المعيارى للكتب |
| الرقم الدولى المعيارى للكتاب |
0521853834 (hardback) |
| 020 ## - الرقم الدولى المعيارى للكتب |
| الرقم الدولى المعيارى للكتاب |
9780521619974 (pbk.) |
| 020 ## - الرقم الدولى المعيارى للكتب |
| الرقم الدولى المعيارى للكتاب |
0521619971 (pbk.) |
| 035 ## - رقم ضبط النظام |
| رقم ضبط النظام |
(OCoLC)ocn678924404 |
| 040 ## - مصدر الفهرسة |
| وكالة الفهرسة الأصلية |
DLC |
| وكالة النسخ |
DLC |
| وكالة التعديل |
YDX |
| -- |
YDXCP |
| -- |
BWX |
| -- |
IUL |
| -- |
UKMGB |
| -- |
MIX |
| -- |
DLC |
| 042 ## - رمز التحقق |
| رمز التحقق |
pcc |
| 050 00 - رقم طلب مكتبة الكونجرس |
| رقم التصنيف |
HM741 |
| رقم المادة |
.F33 2011 |
| 082 00 - رقم تصنيف ديوى العشرى |
| رقم التصنيف |
302.30285 |
| رقم الطبعة |
22 |
| رقم المادة |
FAC |
| 084 ## - رقم تصنيف آخر |
| رقم التصنيف |
PSY031000 |
| مصدر الرقم |
bisacsh |
| 245 00 - بيان العنوان |
| العنوان |
Face-to-face communication over the Internet : |
| بقية العنوان |
emotions in a web of culture, language, and technology / |
| بيان المسئوليه,etc |
[edited by] Arvid Kappas, Nicole C. Krämer. |
| 260 ## - PUBLICATION, DISTRIBUTION, ETC. (IMPRINT) |
| مكان الناشر او الموزع |
Cambridge, UK ; |
| -- |
New York : |
| اسم الناشر او الموزع |
Cambridge University Press, |
| تاريخ النشر أو التوزيع |
2011. |
| 300 ## - الوصف المادى |
| التعداد |
xvi, 291 p. : |
| تفاصيل ماديه اخرى للوعاء |
ill. ; |
| أبعاد الوعاء |
23 cm. |
| 490 1# - بيان السلسلة |
| عنوان السلسلة |
Studies in emotion and social interaction, second series |
| 504 ## - تبصرة ببليوجرافية |
| تبصرة ببليوجرافية,الخ |
Includes bibliographical references and index. |
| 505 00 - تبصرة محتويات-الفهرس |
| العنوان |
Introduction: electronically mediated face-to-face communication: issues, questions, and challenges / |
| بيان المسئولية |
Arvid Kappas and Nicole C. Krämer -- |
| معلومات متنوعة |
Part 1. |
| العنوان |
General Aspects of Visual Cues in CMC: |
| معلومات متنوعة |
1. |
| العنوان |
Visual cues in computer-mediated communication: sometimes less is more / |
| بيان المسئولية |
Joseph B. Walther; |
| معلومات متنوعة |
2. |
| العنوان |
To be seen or not to be seen: the presentation of facial information in everyday telecommunications / |
| بيان المسئولية |
José-Miguel Fernández-Dols and Pilar Carrera; |
| معلومات متنوعة |
3. |
| العنوان |
Gendered social interactions in face-to-face and computer-mediated communication / |
| بيان المسئولية |
Agneta Fischer -- |
| معلومات متنوعة |
Part 2. |
| العنوان |
Video- and Avatar-Based Communication: |
| معلومات متنوعة |
4. |
| العنوان |
Nonverbal communication and cultural differences: issues for face-to-face communication over the internet / |
| بيان المسئولية |
Pio Enrico Ricci Bitti and Pier Luigi Garotti; |
| معلومات متنوعة |
5. |
| العنوان |
Video-linking emotions / |
| بيان المسئولية |
Brian Parkinson and Martin Lea; |
| معلومات متنوعة |
6. |
| العنوان |
Impact of social anxiety on the processing of emotional information in video-mediated interaction / |
| بيان المسئولية |
Pierre Philippot and Céline Douilliez; |
| معلومات متنوعة |
7. |
| العنوان |
Facing the future: emotion communication and the presence of others in the age of video-mediated communication / |
| بيان المسئولية |
Antony S.R. Manstead, Martin Lea, and Jeannine Goh; |
| معلومات متنوعة |
8. |
| العنوان |
Virtual gestures: embodiment and non-verbal behavior in computer-mediated communication / |
| بيان المسئولية |
Gary Bente and Nicole C. Krämer -- |
| معلومات متنوعة |
Part 3. |
| العنوان |
Emotions and Visual Cues in HCI: |
| معلومات متنوعة |
9. |
| العنوان |
Emotions in human-computer interaction / |
| بيان المسئولية |
Veikko Surakka and Toni Vanhala; |
| معلومات متنوعة |
10. |
| العنوان |
Embodiment and expressive communication on the internet / |
| بيان المسئولية |
Elisabeth Oberzaucher, Karl Gramme,r and Susanne Schmehl. |
| 520 ## - التبصرة الخاصة بالتعليق أو التلخيص |
| ملخص,الخ |
"Social platforms such as MySpace, Facebook and Twitter have rekindled the initial excitement of cyberspace. Text based computer-mediated communication has been enriched with face-to-face communication such as Skype, as users move from desk tops to laptops with integrated cameras and related hardware. Age, gender and culture barriers seem to have crumbled and disappeared as the user base widens dramatically. Other than simple statistics relating to e-mail usage, chatrooms and blog subscriptions, we know surprisingly little about the rapid changes taking place. This book assembles leading researchers on non-verbal communication, emotion, cognition and computer science to summarize what we know about the processes relevant to face-to-face communication as it pertains to telecommunication, including video-conferencing. The authors take stock of what has been learned regarding how people communicate, in person or over distance, and set the foundations for solid research helping to understand the issues, implications and possibilities that lie ahead"--Provided by publisher. |
| 650 #0 - المدخل الاضافى بالموضوع-مصطلح موضوعى |
| مصطلح موضوعي أو اسم جغرافي كعنصر مدخل |
Social networks. |
| 9 (RLIN) |
10576 |
| 650 #0 - المدخل الاضافى بالموضوع-مصطلح موضوعى |
| مصطلح موضوعي أو اسم جغرافي كعنصر مدخل |
Internet |
| التقسيم الفرعي العام |
Social aspects. |
| 9 (RLIN) |
10574 |
| 650 #0 - المدخل الاضافى بالموضوع-مصطلح موضوعى |
| مصطلح موضوعي أو اسم جغرافي كعنصر مدخل |
Teleconferencing. |
| 9 (RLIN) |
19352 |
| 700 1# - المدخل الاضافى - اسم شخصى |
| الإسم الشخصى |
Kappas, Arvid. |
| 9 (RLIN) |
19353 |
| 700 1# - المدخل الاضافى - اسم شخصى |
| الإسم الشخصى |
Krämer, Nicole C. |
| 9 (RLIN) |
19354 |
| 830 #0 - المدخل الاضافى بالسلسلة -عنوان موحد |
| عنوان موحد |
Studies in emotion and social interaction. |
| رقم الجزء/قسم العمل |
Second series. |
| 9 (RLIN) |
19355 |
| 906 ## - عنصر بيانات محلى F, LDF (RLIN) |
| a |
7 |
| b |
cbc |
| c |
orignew |
| d |
1 |
| e |
ecip |
| f |
20 |
| g |
y-gencatlg |
| 942 ## - عناصر المدخل الإضافي( كوها) |
| مصدر التصنيف او مخطط الترفيف |
Dewey Decimal Classification |
| Koha [default] item type |
DVD |